Secretos del mundo de los toros
Saved in:
| Hovedforfatter: | |
|---|---|
| Format: | Bog |
| Sprog: | spansk |
| Udgivet: |
Madrid
Nacional
1973
|
| Fag: | |
| Tags: |
Tilføj Tag
Ingen Tags, Vær først til at tagge denne postø!
|
MARC
| LEADER | 00000nam a2200000 a 4500 | ||
|---|---|---|---|
| 001 | UCO4896 | ||
| 003 | CL-VaPUC | ||
| 008 | 000825e19730000SP |||||||||||||||||spa|d | ||
| 082 | 0 | 4 | |a 791.82 |b SAL |2 21 |
| 100 | 0 | |a Salas, Nicolás |e author |9 449564 | |
| 245 | 1 | 0 | |a Secretos del mundo de los toros |
| 300 | |a 415 p | ||
| 942 | |c BK | ||
| 945 | |d 20000825 00:00:00 |a crobeson | ||
| 260 | |a Madrid |b Nacional |c 1973 | ||
| 650 | 7 | |a TAUROMAQUIA |2 CL-VaPUC |9 449565 | |
| 650 | 7 | |a TOROS |2 CL-VaPUC |9 372949 | |
| 650 | 7 | |a DEPORTES ANIMALES |2 CL-VaPUC |9 341525 | |
| 583 | |a last modification |c 20000825 00:00:00 |k Rodrigo Vera | ||
| 999 | |c 290861 |d 290859 | ||
| 952 | |0 0 |1 0 |4 0 |6 791_820000000000000_SAL_1973 |7 0 |8 R |9 340471 |a BIBART |b BIBART |d 2019-11-20 |i 1216767 |o 791.82 SAL 1973 |p 1216767 |r 2025-03-13 |w 2019-11-20 |y BK_R |k ART | ||